1923 1567 1662 1903 1609 1981 1559 1984 1143 1460 1712 1915 1208 1694 1476 1866 1566 1711 1590 1432 1156 1194 1714 1434 1036 1557 1079 1938 1904 1866 1923 1778 1165 1716 1102 1955 1560 1974 1325 1130 1302 1110 1159 1670 1679 1442 1267 1089 1709 1187 1953 1068 1289 1786 1450 1976 1604 1134 1133 1826 1340 1413 1487 1039 1307 1006 1368 1773 1117 1272 1474 1321 1334 1841 1259 1279 1935 1206 1195 1618 1472 1763 1700 1497 1092 1386 1016 1645 1161 1818 1152 1020 1790 1508 1472 1487 1750 1783 1784 BCNSPRNW ULIB Ver.6.0+V

เปลี่ยนเป็นภาษาไทย

Change to English
 แสดงรายละเอียดบรรณานุกรม
  กลับหน้าหลัก

Brief Record : Get Marc (ISO 2709) : E-mail record : QR code < ปิดหน้าต่าง
LEADER : 00000nam 2200000uu 4500
001    13399122573
003     ULIB
008    020711s2550 th a 000 0 tha d
099    วจ.WM105^bณ111ป
100    ณฐมน ศิลปพรหมมาศ
245    ปัจจัยด้านจิตลักษณะและสถานการณ์ทางสังคมที่เกี่ยวข้องกับพฤติกรรมการพยาบาลตามกระบวนการพยาบาลของนักศึกษาพยาบาล/^cณฐมน ศิลปพรหมมาศ และคณะ
260    จังหวัดสุราษฎร์ธานี :^bโรงพยาบาลสราญรมย์,^c2550
300    53 หน้า
650    จิตลักษณะ^xพฤติกรรมการพยาบาล
650    พฤติกรรมการพยาบาล^xนักศึกษาพยาบาล
700    สมสุข โถวเจริญ
700    ศิลีญา แก้วเหล็ก
700    จลี เจริญสรรพ์
945    ^p0^l0^i20018
รายการนี้ยังไม่มีแท็ก
คุณยังไม่ได้ล็อกอิน คุณสามารถมีกิจกรรมร่วมกับเว็บไซต์ได้ แต่ต้องล็อกอินก่อน ::
  ล็อกอิน

รายการสื่อสารสนเทศ

ลำดับที่ ประเภท เลขเรียก/บาร์โค้ด สถานที่ สถานะ
1. งานวิจัย
งานวิจัย
วจ.WM105 ณ111ป ฉ.1 
  Barcode: 20018
ห้องสมุดวิทยาเขตสวรรค์ประชารักษ์
►วิจัย
บนชั้น

BibComment


ยังไม่เคยถูกคอมเมนท์

คอมเมนท์ทรัพยากรรายการนี้
  คอมเมนท์: ปัจจัยด้านจิตลักษ..


 Copyright 2026. Bcnsprnw @Library